| 000 | 01149cam a2200253 i 4500 | ||
|---|---|---|---|
| 003 | SA-RiAUC | ||
| 005 | 20250529045136.0 | ||
| 008 | 250522s2004 ku g 000 0 ara c | ||
| 040 |
_aSA-RiIMS _bara _cSA-RiAUC _erda |
||
| 082 | 0 | 4 | _a216.3 |
| 090 |
_a216.3 _bس ن د |
||
| 100 | 1 |
_aالسندي، أبو محمد بديع الدين شاه الراشدي، _d1362-1416 هجري _eمؤلف. |
|
| 245 | 1 | 2 |
_aالطوام المرعشة في بيان تحريفات أهل الرأي المدهشة / _cتأليف أبي محمد بديع الدين الراشدي السندي ؛ قدم له وعلق عليه صلاح الدين مقبول أحمد. |
| 250 | _aالطبعة الأولى. | ||
| 264 | 1 |
_aالكويت : _bمكتبة أهل الأثر، _c2004 |
|
| 300 |
_a190 صفحة ؛ _c24 سم |
||
| 336 |
_aنص _btxt _2rdacontent _3كتاب |
||
| 337 |
_aبدون وسيط _bn _2rdamedia |
||
| 338 |
_aمجلد _bnc _2rdacarrier |
||
| 650 | 7 |
_aالحديث _xدفع مطاعن _2aucsh |
|
| 700 | 1 |
_aأحمد، صلاح الدين مقبول، _d1375 هجري- _eمقدم. |
|
| 942 |
_2ddc _cBOOK _n0 |
||
| 949 |
_aSA-JeALM _d250522 _umohamedma123 _n1 |
||
| 999 |
_c8432 _d8432 |
||